| 000 | 00953nam a22002417a 4500 | ||
|---|---|---|---|
| 003 | UA-OsUOA | ||
| 001 | 51615 | ||
| 007 | ta | ||
| 008 | 20140916b un ||||| |||| 00| 0 ukr d | ||
| 090 |
_a082 _bИ99 |
||
| 942 | _cBK | ||
| 040 |
_aUA-OsUOA _bukr _cUA-OsUOA _dUA-OsUOA |
||
| 245 |
_aІсторія українського середньовіччя: Козацька доба _bЗбірник наукових праць (На пошану історика лауреата Державної премії ім. Т. Шевченка Олени Михайлівни Апанович). У 2-х частинах |
||
| 300 | _a134 с. | ||
| 955 | _a1 | ||
| 041 | _aukr | ||
| 080 | _a082 | ||
| 260 |
_aК. _c1995 |
||
| 246 | 3 | 1 | _aЧастина друга |
| 650 | 7 |
_a08 Видання. Колективні праці _2UDC |
|
| 999 |
_c431740 _d431740 |
||